| Tag |
First Indicator |
Second Indicator |
Subfields |
| LEADER |
00000cam a2200000Ma 4500 |
| 001 |
in00001762221 |
| 005 |
20151026062416.0 |
| 006 |
m d |
| 007 |
co cgannnauuau |
| 008 |
021119s2001 pau sb 100 0 eng d |
| 020 |
|
|
|a 0923204415
|
| 035 |
|
|
|a (OCoLC)ocm53271796
|
| 040 |
|
|
|a YOU
|c YOU
|d TXA
|d UtOrBLW
|
| 049 |
|
|
|a TXAM
|
| 050 |
|
4 |
|a TD881
|b .R445 2001
|
| 088 |
|
|
|a VIP-105
|
| 090 |
|
|
|a TD881
|b .R44 2001
|
| 111 |
2 |
|
|a Regional Haze and Global Radiation Balance--Aerosol Measurements and Models Closure, Reconcilation and Evaluation
|d (2001 :
|c Bend, Or.)
|
| 245 |
1 |
0 |
|a Regional Haze and Global Radiation Balance--Aerosol Measurements and Models Closure, Reconcilation and Evaluation :
|b proceedings of a specialty conference, October 2-5, 2001, Bend, Oregon /
|c cosponsored by Air & Waste Management Association and the American Geophysical Union.
|
| 246 |
1 |
8 |
|a Proceedings :
|b A & WMA/AGU Regional Haze and Global Radiation Balance
|
| 246 |
3 |
0 |
|a A & WMA/AGU Regional Haze and Global Radiation Balance
|
| 246 |
1 |
|
|i Title on disc surface and container:
|a Proceedings of the Regional Haze and Global Radiation Balance--Aerosol Measurements and Models Closure, Reconcilation and Evaluation
|
| 246 |
3 |
0 |
|a Aerosol Measurements and Models Closure, Reconcilation and Evaluation
|
| 264 |
|
1 |
|a Pittsburgh, Pa. :
|b Air & Waste Management Association,
|c [2001]
|
| 264 |
|
4 |
|c ©2001
|
| 300 |
|
|
|a 1 CD-ROM :
|b sound, color ;
|c 4 3/4 in. +
|e 2 inserts.
|
| 336 |
|
|
|a text
|b txt
|2 rdacontent
|
| 337 |
|
|
|a computer
|b c
|2 rdamedia
|
| 338 |
|
|
|a computer disc
|b cd
|2 rdacarrier
|
| 490 |
1 |
|
|a VIP ;
|v 105-CD
|
| 538 |
|
|
|a System requirements: Acrobat Reader 4.05; Windows: 95,98 & NT; 386, 486 or Pentium-based personal computer; 4MB application RAM; 4MB hard drive space, CD-ROM drive (2x or higher recommended). Macintosh: Macintosh computer with 68020 (Macintosh II series) or greater processor; MacOS 7.0 or greater, 2 MB application RAM, 4 MB hard drive disk space, CD-ROM drive (2x or higher recommended); UNIX: Acrobat Reader.
|
| 500 |
|
|
|a Title from title screen.
|
| 500 |
|
|
|a Third jointly sponsored conference of the Air & Waste Management Association and the American Geophysical Union.
|
| 504 |
|
|
|a Includes bibliographical references.
|
| 500 |
|
|
|a Electronic resource.
|
| 650 |
|
0 |
|a Air
|x Pollution
|v Congresses.
|
| 710 |
2 |
|
|a Air & Waste Management Association.
|
| 710 |
2 |
|
|a American Geophysical Union.
|
| 830 |
|
0 |
|a VIP (Series : CD-ROM) ;
|v 105-CD.
|
| 948 |
|
|
|a cataloged
|b h
|c 2004/5/26
|d c
|e mphillip
|f 2:56:22 pm
|
| 994 |
|
|
|a E0
|b TXA
|
| 999 |
|
|
|a MARS
|
| 999 |
f |
f |
|s 1692e719-c593-3108-b448-744b735fca8b
|i 9156eb26-6727-3c1c-91b7-55e74f769f5b
|t 0
|
| 952 |
f |
f |
|p ric
|a Texas A&M University
|b Rellis Campus
|c Joint Library Facility
|d Remote Storage
|t 0
|e TD881 .R44 2001
|h Library of Congress classification
|i computer -- computer disc
|m A14852530444
|
| 998 |
f |
f |
|a TD881 .R44 2001
|t 0
|l Remote Storage
|